00529nam a2200157Ia 4500003000900000008004100009020001800050040001600068080002000084100002200104245010000126260007200226300001500298490003100313650002700344IN-BaIIA211028s9999 xx 000 0 eng d a0-8194-3698-4 cIIA Library a621.317.31bJAN aJanesick, James R 0aScientific charge-coupled devicescJames R. Janesick  aWashingtonbThe International Society for Optical Engineeringc2001 axvi, 906p. aSPIE Press monograph; PM83 aCharge coupled devices